000 00484nam a2200181Ia 4500
001 1198
005 20260306140614.0
008 260306t2003||||xx |||||||||||||| ||spa||
041 _aESP
082 _a189
_bS26A
100 _aSaranyana, Josep-Ignasi
_eAUT
245 0 _aLa filosofía medieval:
_bdesde sus orígenes patrísticos hasta la escolástica barroca
260 _c2003
300 _a520 páginas :
_c24 cm.
650 _aGEN
654 _aCHU
942 _cLIB
_dJUS
_fJUS
_2ddc
_n
999 _c1198
_d1198